Organic chemistry with biological topics

Kaydedildi:
Detaylı Bibliyografya
Materyal Türü: Kitap
Dil:İngilizce
Baskı/Yayın Bilgisi: McGrawHill Education 2021
Etiketler: Etiketle
Etiket eklenmemiş, İlk siz ekleyin!

MARC

LEADER 00000nam a22000007a 4500
008 231013b |||||||| |||| 00| 0 eng d
245 |a Organic chemistry with biological topics  |c /Janice Gorzynski Smith  |g xxi,1196p;ill 
250 |b 6th 
260 |b McGrawHill Education  |c 2021  |h New York  |i 700464  |i 700465  |l QD253.Sm4  |m Chemistry, Organic - Textbookss 
500 |a it includes index 
942 |a lcc  |c BK  |e Johnson  |f 13/10/23 
952 |0 0  |1 0  |2 lcc  |4 0  |6 QD0253 S M4  |7 0  |9 4586  |a SL  |b HOL  |c QZ  |d 2023-10-13  |l 0  |o QD253.Sm4  |p 2023-0507  |r 2023-10-13 00:00:00  |t 700463  |w 2023-10-13  |y BK 
952 |0 0  |1 0  |2 lcc  |4 0  |6 QD0253 S M4  |7 0  |9 4587  |a HOL  |b HOL  |c QZ  |d 2023-10-13  |l 0  |o QD253.Sm4  |p 2023-0508  |r 2023-10-13 00:00:00  |t 700464  |w 2023-10-13  |y BK 
952 |0 0  |1 0  |2 lcc  |4 0  |6 QD0253 S M4  |7 0  |9 4588  |a HOL  |b HOL  |c QZ  |d 2023-10-13  |l 0  |o QD253.Sm4  |p 2023-0509  |r 2023-10-13 00:00:00  |t 700465  |w 2023-10-13  |y BK 
999 |c 2301  |d 2301